000 00700nam a2200241 i 4500
003 DO-SdBNP
005 20250617131457.0
007 ta
008 240619e1998 dr ||||| |||| 00| 0 spa d
040 _aDO-SdBNP
_bspa
_cBNPHU
_erda
082 4 _axxx
_bR426n
_222
110 1 _aRepública Dominicana
_9447
240 _aLeyes, etc.
245 1 0 _aNo. 301 Ley del notariado :
_bdel 30 de junio 1964 G.O. 8870
264 1 _aSanto Domingo :
_b Editor no identificado,
_c1998.
300 _a16 páginas ;
_c21 cm.
336 _atexto
_btxt
_2rdacontent
337 _asin mediación
_bn
_2rdameda
338 _avolumen
_bnc
_2rdacarrier
590 _aInventariado 2024/DG
910 _aDG
942 _2ddc
_cLF2
999 _c56893
_d56893